ბათუმის შოთა რუსთაველის სახელმწიფო უნივერსიტეტის ბიბლიოთეკა

პირველი ლექცია : (ბიბ.ჩანაწერი № 60275)

000 -ლიდერი
ფიქსირებული სიგრძის საკონტროლო ველი 01697nam a22002657a 4500
003 - საკონტროლო ნომრის იდენტიფიკატორი
საკონტროლო ველი Ge_BSU
005 - ბოლო ოპერაციის თარიღი და დრო
საკონტროლო ველი 20230627141227.0
008 - ფიქსირებული სიგრძის მონაცემთა ელემენტები - ზოგადი ინფორმაცია
ფიქსირებული სიგრძის საკონტროლო ველი 230623b xxu||||| |||| 00| 0 geo d
020 ## - წიგნის საერთაშორისო სტანდარტული ნომერი
International Standard Book Number 9789941134081
041 ## - ენის კოდი
Language code of text/sound track or separate title geo
080 ## - უნივერსალური ათობითი კლასიფიკაციის ინდექსი
Universal Decimal Classification number 821.353.1'01.09 პ-38
245 ## - ცნობა სათაურის შესახებ
Title პირველი ლექცია :
Remainder of title [საჯარო ლექციათა კრებული] /
Statement of responsibility, etc შემდგ. და რედ. ზურაბ გაიპარაშვილი; სარედ. ჯგუფი: დიანა გელაშვილი [და სხვ.].
264 ## - წარმოების, გამოცემის, დისტრიბუციის და სხვა ცნობები
გამოცემის, წარმოების, დისტრიბუციის... ადგილი თბილისი :
გამოცემის, წარმოების, დისტრიბუციის... სახელწოდება თბილ. უნ-ტის გამ-ბა,
გამოცემის, წარმოების, დისტრიბუციის... თარიღი 2015.
300 ## - ფიზიკური აღწერა
Extent 84 გვ. :
Other physical details ფოტ. ;
Dimensions 24 სმ.
500 ## - ზოგადი შენიშვნა
General note სატიტულო გვერდზე არ არის მითითებული ავტორი
653 ## - INDEX TERM--UNCONTROLLED
Uncontrolled term ძველი ქართული ლიტერატურა
653 ## - INDEX TERM--UNCONTROLLED
Uncontrolled term ადამიანი ქართულ ლიტერატურაში
653 ## - INDEX TERM--UNCONTROLLED
Uncontrolled term ადამიანის ფილოსოფიური საკითხები
700 ## - ADDED ENTRY--PERSONAL NAME
Personal name გაიპარაშვილი, ზურაბ
Relator term შემდგენელი, რედაქტორი
9 (RLIN) 8311
700 ## - ADDED ENTRY--PERSONAL NAME
Personal name გელაშვილი, დიანა
Relator term რედაქტორი
9 (RLIN) 18936
700 ## - ADDED ENTRY--PERSONAL NAME
Personal name ნუცუბიძე, მაკა
Relator term რედაქტორი
9 (RLIN) 18937
700 ## - ADDED ENTRY--PERSONAL NAME
Personal name ლილუაშვილი, მანანა
Relator term რედაქტორი
9 (RLIN) 18938
700 ## - ADDED ENTRY--PERSONAL NAME
Personal name გოგიჩაიშვილი, მეკა
Relator term რედაქტორი
9 (RLIN) 18939
942 ## - ADDED ENTRY ELEMENTS (KOHA)
Source of classification or shelving scheme
Koha item type წიგნი
ეგზემპლარები
ჩამოწერის სტატუსი დაკარგული ეგზემპლარის სტატუსი კლასიფიკაციის წყარო ან თაროზე გაწყობის სქემა დაზიანების სტატუსი არ გაიცემა მუდმივი მდებარეობა (დაცვის ადგილი) ამჟამინდელი ადგილსამყოფელი თაროზე განთავსების ადგილი შეძენის თარიღი ღირებულება, შესყიდვის ნორმალური ფასი სრული შენახვის შიფრი შტრიხკოდი ბოლო ოპერაციის თარიღი ეგზემპლარის მიმდევრობითი ნომერი (კეტერი?) Uniform Resource Identifier ფასის ძალაში შესვლის თარიღი ეგზემპლარის სახეობა საჯარო შენიშვნა
          ბათუმის შოთა რუსთაველის სახელმწიფო უნივერსიტეტის მთავარი ბიბლიოთეკა ბათუმის შოთა რუსთაველის სახელმწიფო უნივერსიტეტის მთავარი ბიბლიოთეკა წიგნსაცავი 2023-06-23 8.00 821.353.1'01.09 პ-38 64791 2023-06-23 64791 ბსუ-ს საპატიო დოქტორის გურამ ლორთქიფანიძის საჩუქარი 2023-06-23 წიგნი 8 ლ.